|
|
|
|
| LEADER |
00000naa2a2200000 4500 |
| 001 |
95791 |
| 005 |
20231031110258.0 |
| 035 |
|
|
|a (RuTPU)RU\TPU\book\102555
|
| 090 |
|
|
|a 95791
|
| 100 |
|
|
|a 20060504d1989 k y0rusy50 ca
|
| 101 |
0 |
|
|a rus
|
| 102 |
|
|
|a RU
|
| 200 |
1 |
|
|a Теплообмен плазменной струи и перфорированной стенки в условиях вдува охладителя и вибрацией поверхности
|f А. Н. Голованов
|
| 320 |
|
|
|a Библиогр.: 5 назв.
|
| 463 |
|
0 |
|0 (RuTPU)RU\TPU\book\102191
|t Теплофизика и гидродинамика технологических процессов
|o межвузовский научно-технический сборник
|f Томский политехнический институт; под ред. М. И. Шиляева
|v С. 59-63.
|d 1989
|p 164 с.
|
| 610 |
1 |
|
|a теплообмен
|
| 610 |
1 |
|
|a воздушные плазменные струи
|
| 610 |
1 |
|
|a исследование
|
| 610 |
1 |
|
|a затупленные тела
|
| 610 |
1 |
|
|a газы-охладители
|
| 610 |
1 |
|
|a поверхности
|
| 610 |
1 |
|
|a вибрации
|
| 610 |
1 |
|
|a перфорированные стенки
|
| 610 |
1 |
|
|a вдув
|
| 610 |
1 |
|
|a число Рейнольдса
|
| 610 |
1 |
|
|a труды учёных ТПУ
|
| 675 |
|
|
|a 533.6.011.6
|v 3
|
| 700 |
|
1 |
|a Голованов
|b А. Н.
|
| 801 |
|
1 |
|a RU
|b 63413507
|c 20060504
|g PSBO
|
| 801 |
|
2 |
|a RU
|b 63413507
|c 20091125
|g PSBO
|
| 942 |
|
|
|c BK
|